[Event "XtraCon-Skakligaen"]
[Site "Denmark"]
[Date "2013.11.03"]
[Round "2.7"]
[White "Greger, Roland Reinhard"]
[Black "Pedersen, Martin Rosenkilde"]
[Result "1-0"]
[WhiteElo "2308"]
[BlackElo "2176"]
[PlyCount "67"]
[EventDate "2013.11.02"]
[EventType "team-tourn"]
[EventRounds "9"]
[WhiteTeam "Bronshoj"]
[BlackTeam "Hillerod"]
[WhiteTeamCountry "DEN"]
[BlackTeamCountry "DEN"]

1. e4 c5 2. Nf3 e6 3. d3 Nc6 4. g3 g6 5. Bg2 Bg7 6. O-O Nge7 7. Re1 d6 8. c3
O-O 9. d4 cxd4 10. cxd4 d5 11. e5 Nf5 12. Nc3 f6 13. g4 Nfe7 14. exf6 Rxf6 15.
Bg5 Rf7 16. Qd2 Rxf3 17. Bxf3 Nxd4 18. Bg2 Ndc6 19. Rad1 Qf8 20. h3 Kh8 21. Nb5
Rb8 22. Nc7 Qf7 23. Bf4 e5 24. Nxd5 Bxg4 25. hxg4 exf4 26. Nxe7 Nxe7 27. Qd6
Re8 28. Bxb7 Bxb2 29. Qe6 Kg7 30. Bc6 Nxc6 31. Qxe8 Qf6 32. Qe6 Qc3 33. g5 Nd4
34. Qd7+ 1-0

[Event "XtraCon-Skakligaen"]
[Site "Denmark"]
[Date "2013.11.03"]
[Round "2.8"]
[White "Nohr, Finn"]
[Black "Palm, Nikolaj"]
[Result "0-1"]
[WhiteElo "2102"]
[BlackElo "2313"]
[PlyCount "84"]
[EventDate "2013.11.02"]
[EventType "team-tourn"]
[EventRounds "9"]
[WhiteTeam "Hillerod"]
[BlackTeam "Bronshoj"]
[WhiteTeamCountry "DEN"]
[BlackTeamCountry "DEN"]

1. e4 e5 2. Nf3 Nc6 3. Bb5 a6 4. Ba4 Nf6 5. O-O Be7 6. d3 d6 7. c3 b5 8. Bb3
O-O 9. Nbd2 Na5 10. Bc2 c5 11. Re1 Re8 12. h3 Bf8 13. Nf1 g6 14. N3h2 Bg7 15.
Qf3 h6 16. Ng4 Kh7 17. Nfh2 Ra7 18. Nxf6+ Qxf6 19. Qxf6 Bxf6 20. Nf1 Be6 21.
Be3 Rb7 22. Nd2 Rc8 23. b3 Nc6 24. a4 b4 25. c4 Bg5 26. Nf3 Bf6 27. Nd2 Bg7 28.
Bd1 f5 29. f3 h5 30. g4 Bh6 31. Bxh6 Kxh6 32. Kg2 Rf8 33. Kg3 Rbf7 34. Rb1 Nd4
35. exf5 gxf5 36. Kg2 fxg4 37. hxg4 Bxg4 38. Ne4 Nxf3 39. Rh1 Rg7 40. Ng3 Kg6
41. Ne4 Kh7 42. Rf1 Nh4+ 0-1

[Event "XtraCon-Skakligaen"]
[Site "Denmark"]
[Date "2013.11.03"]
[Round "2.1"]
[White "Andersen, Mads"]
[Black "Hagen, Andreas Skytte"]
[Result "0-1"]
[WhiteElo "2476"]
[BlackElo "2421"]
[PlyCount "108"]
[EventDate "2013.11.02"]
[EventType "team-tourn"]
[EventRounds "9"]
[WhiteTeam "Skanderborg"]
[BlackTeam "K41"]
[WhiteTeamCountry "DEN"]
[BlackTeamCountry "DEN"]

1. Nf3 Nf6 2. g3 g6 3. c4 Bg7 4. d4 O-O 5. Bg2 d6 6. Nc3 Nbd7 7. O-O e5 8. e4
c6 9. h3 Qa5 10. Re1 exd4 11. Nxd4 Ne5 12. Bf1 Re8 13. Be3 c5 14. Nb3 Qb4 15.
a3 Qb6 16. Nd2 Nc6 17. Rb1 Qd8 18. f4 Nd4 19. Bf2 a6 20. Nf3 Nxf3+ 21. Qxf3 Qc7
22. g4 b6 23. g5 Nd7 24. Nd5 Qd8 25. h4 Bb7 26. h5 Bxd5 27. exd5 Rxe1 28. Bxe1
Qe7 29. Bd2 Re8 30. Bd3 Bd4+ 31. Kg2 Qd8 32. Qh3 Re7 33. hxg6 fxg6 34. f5 Qe8
35. Kh1 Ne5 36. f6 Nxd3 37. Qxd3 Re4 38. Qf3 Qe5 39. Qh3 Qf5 40. Qxf5 gxf5 41.
Rf1 Kf7 42. Rxf5 Bxb2 43. Rf3 Rxc4 44. Bf4 Bc1 45. Bxd6 Rh4+ 46. Kg2 Rg4+ 47.
Rg3 Rxg3+ 48. Kxg3 Bxg5 49. Bc7 b5 50. d6 Bxf6 51. d7 b4 52. Bd6 bxa3 53. Bxc5
a2 54. Bd4 Bd8 0-1

[Event "XtraCon-Skakligaen"]
[Site "Denmark"]
[Date "2013.11.03"]
[Round "2.3"]
[White "Semcesen, Daniel"]
[Black "Stojanovski, Sandi"]
[Result "1-0"]
[WhiteElo "2490"]
[BlackElo "2289"]
[PlyCount "57"]
[EventDate "2013.11.02"]
[EventType "team-tourn"]
[EventRounds "9"]
[WhiteTeam "Skanderborg"]
[BlackTeam "K41"]
[WhiteTeamCountry "DEN"]
[BlackTeamCountry "DEN"]

1. d4 Nf6 2. c4 e6 3. Nc3 Bb4 4. a3 Bxc3+ 5. bxc3 b6 6. f3 Nc6 7. e4 d6 8. Bd3
Na5 9. f4 Bb7 10. Qe2 Nb3 11. Rb1 Nxc1 12. Rxc1 e5 13. fxe5 dxe5 14. Nf3 Nd7
15. c5 O-O 16. O-O bxc5 17. Rb1 Rb8 18. d5 Qe7 19. a4 c4 20. Bxc4 c6 21. d6
Qxd6 22. Ng5 Nf6 23. Bxf7+ Kh8 24. Ba2 Qe7 25. Qc4 h6 26. Ne6 Rfe8 27. Nc5 Qc7
28. h3 Bc8 29. Rxb8 1-0

[Event "XtraCon-Skakligaen"]
[Site "Denmark"]
[Date "2013.11.03"]
[Round "2.4"]
[White "Laursen, Niels Norskov"]
[Black "Pedersen, Nicolai Vesterbaek"]
[Result "1/2-1/2"]
[WhiteElo "2282"]
[BlackElo "2397"]
[PlyCount "36"]
[EventDate "2013.11.02"]
[EventType "team-tourn"]
[EventRounds "9"]
[WhiteTeam "K41"]
[BlackTeam "Skanderborg"]
[WhiteTeamCountry "DEN"]
[BlackTeamCountry "DEN"]

1. e4 e5 2. Nf3 Nc6 3. Bb5 Nf6 4. O-O Nxe4 5. Re1 Nd6 6. Nxe5 Nxe5 7. Rxe5+ Be7
8. Bf1 O-O 9. d4 Bf6 10. Re1 Nf5 11. c3 d5 12. Bf4 Nh4 13. Qb3 Ng6 14. Bg3 Bg5
15. Na3 c6 16. Nc2 h5 17. h3 Nf4 18. a4 a5 1/2-1/2

[Event "XtraCon-Skakligaen"]
[Site "Denmark"]
[Date "2013.11.03"]
[Round "2.5"]
[White "Pedersen, Steffen"]
[Black "Schmidt, Kristen"]
[Result "1/2-1/2"]
[WhiteElo "2425"]
[BlackElo "2262"]
[PlyCount "47"]
[EventDate "2013.11.02"]
[EventType "team-tourn"]
[EventRounds "9"]
[WhiteTeam "Skanderborg"]
[BlackTeam "K41"]
[WhiteTeamCountry "DEN"]
[BlackTeamCountry "DEN"]

1. d4 Nf6 2. c4 g6 3. f3 Bg7 4. e4 d6 5. Ne2 c6 6. Be3 a6 7. Nec3 b5 8. Nd2 O-O
9. Be2 e5 10. dxe5 dxe5 11. Nb3 Nfd7 12. O-O Qe7 13. Qc2 Re8 14. Rfd1 Qh4 15.
Qd2 Qe7 16. Rac1 Nf8 17. cxb5 axb5 18. Bxb5 cxb5 19. Nd5 Qb7 20. Nc7 Bd7 21.
Na5 Rxa5 22. Nxe8 Bxe8 23. Qxa5 Ne6 24. Qb6 1/2-1/2

[Event "XtraCon-Skakligaen"]
[Site "Denmark"]
[Date "2013.11.03"]
[Round "2.6"]
[White "Naes, Flovin Tor"]
[Black "Boe, Mads"]
[Result "0-1"]
[WhiteElo "2252"]
[BlackElo "2364"]
[PlyCount "80"]
[EventDate "2013.11.02"]
[EventType "team-tourn"]
[EventRounds "9"]
[WhiteTeam "K41"]
[BlackTeam "Skanderborg"]
[WhiteTeamCountry "DEN"]
[BlackTeamCountry "DEN"]

1. d4 f5 2. c4 Nf6 3. Nc3 e6 4. g3 d5 5. Bg2 c6 6. Nf3 Bd6 7. Bf4 Bxf4 8. gxf4
O-O 9. e3 Bd7 10. O-O Be8 11. Qd3 Nbd7 12. cxd5 cxd5 13. Rfc1 Nb8 14. b4 Nc6
15. b5 Na5 16. Ne5 Nd7 17. Nxd5 exd5 18. Bxd5+ Kh8 19. Rc3 Nf6 20. Bf3 Ne4 21.
Rc2 Nd6 22. Rc5 Rc8 23. Rac1 Rb8 24. Rd5 Rf6 25. a4 Rh6 26. Qa3 Qe7 27. Qc3 b6
28. Qb4 Rd8 29. Nd3 Bf7 30. Re5 Qd7 31. Qc3 Rc8 32. Bc6 Qd8 33. Nb4 Qh4 34. d5
Qxh2+ 35. Kf1 Bh5 36. Ke1 Qg1+ 37. Kd2 Ne4+ 38. Rxe4 Qxf2+ 39. Kd3 fxe4+ 40.
Kd4 Qh4 0-1

[Event "XtraCon-Skakligaen"]
[Site "Denmark"]
[Date "2013.11.03"]
[Round "2.7"]
[White "Andersen, Jackie"]
[Black "Andreasen, Joan Hendrik"]
[Result "1-0"]
[WhiteElo "2356"]
[BlackElo "2239"]
[PlyCount "93"]
[EventDate "2013.11.02"]
[EventType "team-tourn"]
[EventRounds "9"]
[WhiteTeam "Skanderborg"]
[BlackTeam "K41"]
[WhiteTeamCountry "DEN"]
[BlackTeamCountry "DEN"]

1. Nf3 Nf6 2. c4 g6 3. Nc3 d5 4. d4 Bg7 5. Bf4 O-O 6. e3 c5 7. dxc5 Qa5 8. Nd2
dxc4 9. Bxc4 Qxc5 10. Rc1 Qb6 11. Bb3 Bg4 12. f3 Bd7 13. O-O Bc6 14. Nc4 Qa6
15. e4 Nbd7 16. Be3 b5 17. Nd2 Rfd8 18. Qe2 Qb7 19. a4 a6 20. a5 Rac8 21. Na2
e6 22. Nb4 Bf8 23. Nd3 Bd6 24. Bg5 Ne5 25. Nf2 Bb4 26. Rfd1 Be7 27. f4 Ned7 28.
e5 Bxg2 29. exf6 Bxf6 30. Nde4 Rxc1 31. Rxc1 Bxg5 32. fxg5 Bxe4 33. Qxe4 Qxe4
34. Nxe4 Ne5 35. Rc5 Nf3+ 36. Kf2 Nd2 37. Nf6+ Kg7 38. Ba2 h6 39. h4 hxg5 40.
hxg5 b4 41. Bc4 Rb8 42. Ke3 Nxc4+ 43. Rxc4 Rb5 44. Kf4 Kf8 45. Rc5 Rb7 46. Ke5
Ke7 47. b3 1-0

[Event "XtraCon-Skakligaen"]
[Site "Denmark"]
[Date "2013.11.03"]
[Round "2.8"]
[White "Brinck Claussen, Bjorn"]
[Black "Seegert, Kristian"]
[Result "1/2-1/2"]
[WhiteElo "2248"]
[BlackElo "2154"]
[PlyCount "75"]
[EventDate "2013.11.02"]
[EventType "team-tourn"]
[EventRounds "9"]
[WhiteTeam "K41"]
[BlackTeam "Skanderborg"]
[WhiteTeamCountry "DEN"]
[BlackTeamCountry "DEN"]

1. d4 f5 2. g3 Nf6 3. Bg2 g6 4. c4 Bg7 5. Nc3 d6 6. Nf3 O-O 7. O-O Qe8 8. d5
Na6 9. Nd4 Bd7 10. Rb1 c6 11. b3 Nc5 12. b4 Nce4 13. Nxe4 Nxe4 14. Bb2 c5 15.
Bxe4 fxe4 16. Ne6 Bxe6 17. Bxg7 Kxg7 18. dxe6 Qc6 19. b5 Qc8 20. Qd5 Rf6 21.
Qxe4 Rxe6 22. Qd3 Rf6 23. f4 Qd7 24. e4 Rf7 25. Rbe1 a6 26. a4 axb5 27. axb5 e6
28. Rd1 Rd8 29. Qc3+ Kg8 30. Rd2 Qe8 31. Rfd1 Rfd7 32. Rd3 Qe7 33. h4 Qg7 34.
Qd2 e5 35. Rf3 exf4 36. Qd5+ Qf7 37. gxf4 Qxd5 38. Rxd5 1/2-1/2

[Event "XtraCon-Skakligaen"]
[Site "Denmark"]
[Date "2013.11.03"]
[Round "2.3"]
[White "Andreasen, Per Naesby"]
[Black "Rasmussen, Karsten"]
[Result "1/2-1/2"]
[WhiteElo "2232"]
[BlackElo "2419"]
[PlyCount "147"]
[EventDate "2013.11.02"]
[EventType "team-tourn"]
[EventRounds "9"]
[WhiteTeam "Norresundby"]
[BlackTeam "Aarhus/Skolerne"]
[WhiteTeamCountry "DEN"]
[BlackTeamCountry "DEN"]

1. c4 e5 2. Nc3 Nc6 3. e3 Nf6 4. Nf3 Bb4 5. Qc2 O-O 6. Nd5 Re8 7. a3 Bf8 8. d3
Nxd5 9. cxd5 Ne7 10. Nxe5 Nxd5 11. Nf3 Nf6 12. Be2 d5 13. O-O c5 14. b3 Bf5 15.
Bb2 Rc8 16. Rac1 c4 17. Qd1 cxd3 18. Bxd3 Rxc1 19. Bxc1 Be4 20. Bxe4 dxe4 21.
Qxd8 Rxd8 22. Nd4 Nd7 23. Nb5 a6 24. Nc3 f5 25. Rd1 Rc8 26. Bb2 Nc5 27. b4 Nd3
28. Ba1 g6 29. f3 Bg7 30. Nd5 Rc2 31. Bxg7 Kxg7 32. fxe4 fxe4 33. Rb1 h5 34. h3
h4 35. b5 a5 36. b6 a4 37. Nc7 Rc3 38. Ne8+ Kf8 39. Nd6 Nc5 40. Rb4 Rxe3 41.
Rc4 Re1+ 42. Kh2 Nd7 43. Nxe4 Nxb6 44. Rb4 Nd5 45. Rxa4 Ne3 46. Ng5 Re2 47.
Ne6+ Kf7 48. Nf4 Ra2 49. Rb4 g5 50. Rxb7+ Kf6 51. Nd3 Rxg2+ 52. Kh1 Rd2 53. Rb3
Nf5 54. Kg1 Nd4 55. Rb6+ Kf5 56. Nf2 Ra2 57. Rb4 Ne2+ 58. Kf1 Ng3+ 59. Kg2 Rxa3
60. Rb5+ Kf4 61. Rb4+ Ke3 62. Rb5 Ra2 63. Rb3+ Ke2 64. Rb5 Nf1 65. Ng4 Ke1+ 66.
Kg1 Nd2 67. Re5+ Kd1 68. Nf2+ Kc2 69. Kg2 Kc3 70. Rxg5 Ne4 71. Rf5 Kd4 72. Rf4
Rxf2+ 73. Rxf2 Nxf2 74. Kxf2 1/2-1/2

[Event "XtraCon-Skakligaen"]
[Site "Denmark"]
[Date "2013.11.03"]
[Round "2.4"]
[White "Christensen, Tobias"]
[Black "Jorgensen, Jorgen"]
[Result "1-0"]
[WhiteElo "2355"]
[BlackElo "2257"]
[PlyCount "167"]
[EventDate "2013.11.02"]
[EventType "team-tourn"]
[EventRounds "9"]
[WhiteTeam "Aarhus/Skolerne"]
[BlackTeam "Norresundby"]
[WhiteTeamCountry "DEN"]
[BlackTeamCountry "DEN"]

1. e4 c6 2. d4 d5 3. exd5 cxd5 4. Bd3 Nc6 5. c3 g6 6. Bf4 Bg7 7. Nf3 Bg4 8.
Nbd2 Bxf3 9. Nxf3 Nf6 10. Qd2 O-O 11. O-O Ne4 12. Bxe4 dxe4 $11 13. Ng5 e5 14.
dxe5 Qxd2 15. Bxd2 Nxe5 16. Nxe4 Nc4 17. Bc1 Rad8 18. Rb1 b6 19. b3 Rfe8 20.
Bg5 Rc8 21. Rbe1 f5 22. Nf6+ Bxf6 23. Rxe8+ Rxe8 24. Bxf6 Nd2 25. Rd1 Ne4 26.
Bd4 Rd8 27. Re1 Kf7 28. f3 Ng5 29. Be3 Ne6 30. g3 g5 31. Kg2 h5 32. h4 gxh4 33.
gxh4 f4 34. Bc1 Rd3 35. c4 Rc3 36. Kg1 Rxf3 37. Re5 Rg3+ 38. Kf2 Rc3 39. Bxf4
Nxf4 40. Rf5+ Kg6 41. Rxf4 Rc2+ 42. Ke3 Rxa2 43. b4 Ra3+ 44. Kd4 Rb3 45. b5 Rg3
46. Ke5 Rg1 47. Rd4 Re1+ 48. Re4 Rd1 49. Rf4 Re1+ 50. Kd5 Rg1 51. Re4 Rg4 52.
Re7 Rxh4 53. Rxa7 Rf4 54. Ra6 Rf6 55. c5 h4 56. cxb6 h3 57. b7 h2 58. Ra1 Rb6
59. Rh1 Rxb7 60. Kc6 Rh7 61. b6 Kg5 62. b7 Rh6+ 63. Kc5 Rh8 64. Rxh2 Rxh2 65.
b8=Q Rh5 66. Qf8 Kg4+ 67. Kd4 Rf5 68. Qa8 Kg5 69. Ke4 Rf4+ 70. Ke3 Rf5 71. Qa1
Kg6 72. Ke4 Rf6 73. Qg1+ Kf7 74. Qg5 Rg6 75. Qf5+ Rf6 76. Qd7+ Kg6 77. Ke5 Rf7
78. Qg4+ Kh7 79. Ke6 Rg7 80. Qh5+ Kg8 81. Kf6 Rc7 82. Qe8+ Kh7 83. Qe4+ Kg8 84.
Qe6+ 1-0

[Event "XtraCon-Skakligaen"]
[Site "Denmark"]
[Date "2013.11.03"]
[Round "2.5"]
[White "Nielsen, John Bauneborg"]
[Black "Pedersen, Finn"]
[Result "1-0"]
[WhiteElo "2128"]
[BlackElo "2310"]
[PlyCount "63"]
[EventDate "2013.11.02"]
[EventType "team-tourn"]
[EventRounds "9"]
[WhiteTeam "Norresundby"]
[BlackTeam "Aarhus/Skolerne"]
[WhiteTeamCountry "DEN"]
[BlackTeamCountry "DEN"]

1. d4 d5 2. c4 c6 3. cxd5 cxd5 4. Nc3 Nf6 5. Bf4 Nc6 6. e3 e6 7. Bd3 a6 8. Nf3
Be7 9. O-O Nh5 10. Bg3 Nxg3 11. hxg3 f5 12. a3 O-O 13. b4 b5 14. Qe2 Bb7 15.
Rfc1 Qd6 16. Bc2 Kh8 17. Bb3 g5 18. Rd1 Bf6 19. Rac1 Rf7 20. Rd2 Rg8 21. Nd1 h5
22. Rdc2 g4 23. Ne1 Rh7 24. Nd3 h4 25. Nf4 Bg5 26. Qd3 h3 27. gxh3 gxh3 28. Kh2
e5 29. Rxc6 Bxc6 30. dxe5 Qh6 31. Qxf5 Rf8 32. Ng6+ 1-0

[Event "XtraCon-Skakligaen"]
[Site "Denmark"]
[Date "2013.11.03"]
[Round "2.6"]
[White "Jacobsen, Bo"]
[Black "Pedersen, Svend"]
[Result "1-0"]
[WhiteElo "2302"]
[BlackElo "2231"]
[PlyCount "65"]
[EventDate "2013.11.02"]
[EventType "team-tourn"]
[EventRounds "9"]
[WhiteTeam "Aarhus/Skolerne"]
[BlackTeam "Norresundby"]
[WhiteTeamCountry "DEN"]
[BlackTeamCountry "DEN"]

1. c4 e5 2. g3 d6 3. Bg2 Nc6 4. Nc3 g6 5. Rb1 Bg7 6. b4 Nh6 7. b5 Nd4 8. e3 Ne6
9. Nge2 O-O 10. d3 f5 11. Nd5 Bd7 12. O-O g5 13. f4 gxf4 14. exf4 c6 15. bxc6
bxc6 16. fxe5 dxe5 17. Ndc3 Qa5 18. Kh1 Rad8 19. Qa4 Qxa4 20. Nxa4 Be8 21. Rb3
Bh5 22. Bf3 Bxf3+ 23. Rxf3 Rf7 24. Kg2 c5 25. Rb5 Nd4 26. Nxd4 cxd4 27. Bxh6 e4
28. dxe4 Bxh6 29. Rd5 Re8 30. exf5 Be3 31. Nc5 Rc7 32. f6 Kf7 33. Nd7 1-0

[Event "XtraCon-Skakligaen"]
[Site "Denmark"]
[Date "2013.11.03"]
[Round "2.7"]
[White "Christiansen, Jens Jorgen"]
[Black "Rendboe, John Filip"]
[Result "1/2-1/2"]
[WhiteElo "2129"]
[BlackElo "2214"]
[PlyCount "64"]
[EventDate "2013.11.02"]
[EventType "team-tourn"]
[EventRounds "9"]
[WhiteTeam "Norresundby"]
[BlackTeam "Aarhus/Skolerne"]
[WhiteTeamCountry "DEN"]
[BlackTeamCountry "DEN"]

1. d4 d5 2. c4 e6 3. Nf3 Nf6 4. e3 b6 5. b3 Bb7 6. Bd3 Bd6 7. O-O O-O 8. Bb2
Ne4 9. Nbd2 Nd7 10. Rc1 f5 11. Ne5 Nxe5 12. dxe5 Bb4 13. Nf3 Qe7 14. Qc2 Rac8
15. a3 Bxa3 16. Bxa3 Qxa3 17. Ra1 Qb4 18. Rxa7 Nc5 19. Nd4 Ra8 20. Raa1 Ra5 21.
Rxa5 Qxa5 22. Rb1 Qb4 23. Ra1 Ra8 24. Rxa8+ Bxa8 25. Bf1 Bb7 26. h3 Ba6 27. Kh2
Qe1 28. Qe2 Qb1 29. Qh5 g6 30. Qg5 Qxf1 31. Qd8+ Kg7 32. Qf6+ Kg8 1/2-1/2

[Event "XtraCon-Skakligaen"]
[Site "Denmark"]
[Date "2013.12.08"]
[Round "3.1"]
[White "Schandorff, Lars"]
[Black "Hector, Jonny"]
[Result "1-0"]
[WhiteElo "2522"]
[BlackElo "2503"]
[PlyCount "103"]
[EventDate "2013.11.02"]
[EventType "team-tourn"]
[EventRounds "9"]
[WhiteTeam "Hillerod"]
[BlackTeam "Nordkalotten"]
[WhiteTeamCountry "DEN"]
[BlackTeamCountry "DEN"]

1. d4 d5 2. c4 c6 3. cxd5 cxd5 4. Bf4 Nc6 5. e3 Qb6 6. Nc3 e5 7. dxe5 Be6 8.
Bd3 Qxb2 9. Nge2 Bb4 10. Rc1 Qxa2 11. O-O Qa5 12. Ra1 Qd8 13. Nb5 Nge7 14. Qb1
Qb6 15. Nd6+ Kd7 16. Bb5 Bxd6 17. exd6 Nf5 18. Rc1 Nxd6 19. Bxd6 Kxd6 20. Ra6
bxa6 21. Rxc6+ Qxc6 22. Bxc6 Kxc6 23. Nd4+ Kc7 24. Qc2+ Kd7 25. Qc6+ Ke7 26.
Qc5+ Kf6 27. Nc6 h6 28. g4 Rhe8 29. h3 g5 30. Qc3+ Kg6 31. Qd3+ Kg7 32. Qxa6
Rac8 33. Qa1+ Kg8 34. Nxa7 Rc5 35. Qd4 Rc4 36. Qf6 d4 37. Qxh6 Rc5 38. exd4 Rd5
39. Nc6 Bd7 40. Ne5 Rexe5 41. dxe5 Rxe5 42. Qd6 Re1+ 43. Kh2 Be8 44. Qf6 Re6
45. Qxg5+ Kf8 46. h4 f6 47. Qf5 Ke7 48. h5 Re5 49. Qh7+ Bf7 50. h6 Rg5 51. Qe4+
Kf8 52. Qa8+ 1-0

[Event "XtraCon-Skakligaen"]
[Site "Denmark"]
[Date "2013.12.08"]
[Round "3.2"]
[White "Kristensen, Kaare Hove"]
[Black "Borge, Nikolaj"]
[Result "1-0"]
[WhiteElo "2342"]
[BlackElo "2389"]
[PlyCount "91"]
[EventDate "2013.11.02"]
[EventType "team-tourn"]
[EventRounds "9"]
[WhiteTeam "Nordkalotten"]
[BlackTeam "Hillerod"]
[WhiteTeamCountry "DEN"]
[BlackTeamCountry "DEN"]

1. e4 d6 2. c4 e5 3. Nc3 f5 4. exf5 Bxf5 5. Nf3 c5 6. d3 Nf6 7. Be2 Nc6 8. O-O
Be7 9. Ng5 O-O 10. Nge4 Nd4 11. Be3 Qd7 12. Nxf6+ Rxf6 13. Bxd4 cxd4 14. Nd5
Rf7 15. Bh5 g6 16. Bf3 Raf8 17. Be4 Bg4 18. f3 Be6 19. a4 Kg7 20. a5 Bg5 21.
Kh1 h5 22. b4 Qd8 23. b5 Bh6 24. Ra2 g5 25. b6 axb6 26. axb6 g4 27. Qe1 Kh8 28.
Raf2 gxf3 29. Rxf3 Bxd5 30. Bxd5 Rxf3 31. Bxf3 Qxb6 32. Bxh5 Qd8 33. Rxf8+ Qxf8
34. Bf3 b6 35. Qe4 Qf4 36. g3 Qe3 37. Kg2 Qd2+ 38. Kh3 Bf8 39. Qg6 Qh6+ 40.
Qxh6+ Bxh6 41. Kg4 Bd2 42. Kh5 Kg7 43. g4 Kf6 44. Be4 Ke6 45. h4 Bf4 46. Kg6
1-0

[Event "XtraCon-Skakligaen"]
[Site "Denmark"]
[Date "2013.12.08"]
[Round "3.3"]
[White "Ostergaard, Jens"]
[Black "Sylvan, Jacob"]
[Result "1/2-1/2"]
[WhiteElo "2273"]
[BlackElo "2337"]
[PlyCount "58"]
[EventDate "2013.11.02"]
[EventType "team-tourn"]
[EventRounds "9"]
[WhiteTeam "Hillerod"]
[BlackTeam "Nordkalotten"]
[WhiteTeamCountry "DEN"]
[BlackTeamCountry "DEN"]

1. d4 d5 2. c4 e6 3. Nc3 Nf6 4. Bg5 c6 5. cxd5 exd5 6. e3 Qb6 7. Qc2 Ne4 8. Bf4
Bf5 9. Bd3 Be7 10. Nge2 Na6 11. a3 Nxc3 12. Nxc3 Bxd3 13. Qxd3 Nc7 14. O-O Ne6
15. Be5 O-O 16. b4 a6 17. Rfb1 Qd8 18. Na4 b5 19. Nc5 Nxc5 20. dxc5 a5 21. Qc3
Bf6 22. a4 axb4 23. Rxb4 Bxe5 24. Qxe5 Re8 25. Qb2 Qf6 26. Rd4 Rxa4 27. Raxa4
bxa4 28. g3 h6 29. Qa3 Re4 1/2-1/2

[Event "XtraCon-Skakligaen"]
[Site "Denmark"]
[Date "2013.12.08"]
[Round "3.4"]
[White "Nielsen, Lars Aaes"]
[Black "Jaksland, Tim"]
[Result "1/2-1/2"]
[WhiteElo "2268"]
[BlackElo "2260"]
[PlyCount "67"]
[EventDate "2013.11.02"]
[EventType "team-tourn"]
[EventRounds "9"]
[WhiteTeam "Nordkalotten"]
[BlackTeam "Hillerod"]
[WhiteTeamCountry "DEN"]
[BlackTeamCountry "DEN"]

1. e4 c5 2. c3 d5 3. exd5 Qxd5 4. d4 Nc6 5. Nf3 e5 6. Nxe5 Nxe5 7. dxe5 Qxe5+
8. Be3 Bd7 9. Be2 Nf6 10. Bf3 Be7 11. Na3 O-O 12. O-O Rfd8 13. Nc4 Qe6 14. Qb3
Bc6 15. Bxc6 Qxc6 16. Rad1 Qc7 17. g3 Rxd1 18. Rxd1 Rd8 19. Rxd8+ Bxd8 20. Bf4
Qe7 21. Qd1 Bc7 22. Bxc7 Qxc7 23. Qd6 Qc8 24. Qe7 Nd5 25. Qe5 Nf6 26. Ne3 b6
27. Nf5 Qd8 28. Ne7+ Kf8 29. Nc6 Qd7 30. Qb8+ Ne8 31. Nxa7 Qd1+ 32. Kg2 Qd5+
33. Kg1 Qd1+ 34. Kg2 1/2-1/2

[Event "XtraCon-Skakligaen"]
[Site "Denmark"]
[Date "2013.12.08"]
[Round "3.5"]
[White "Nordenbaek, Jan"]
[Black "Hove, Esben Kjems"]
[Result "1/2-1/2"]
[WhiteElo "2261"]
[BlackElo "2232"]
[PlyCount "117"]
[EventDate "2013.11.02"]
[EventType "team-tourn"]
[EventRounds "9"]
[WhiteTeam "Hillerod"]
[BlackTeam "Nordkalotten"]
[WhiteTeamCountry "DEN"]
[BlackTeamCountry "DEN"]

1. e4 c6 2. d3 d5 3. Nd2 g6 4. Ngf3 Bg7 5. g3 dxe4 6. dxe4 Nf6 7. Bg2 O-O 8.
O-O Na6 9. Qe2 Nd7 10. h3 Qc7 11. Nc4 Nac5 12. Rd1 b5 13. Ncd2 a5 14. Nf1 Ba6
15. Rb1 b4 16. Qe1 e5 17. b3 Rfd8 18. Bb2 Nf8 19. a3 bxa3 20. Bxa3 Nfe6 21. Qe3
Nb7 22. Bb2 f6 23. h4 Rxd1 24. Rxd1 Rd8 25. Rxd8+ Nbxd8 26. Bc3 Bf8 27. Qd2 Nb7
28. Ne3 Bh6 29. Qe1 Nec5 30. Bf1 Bxf1 31. Nxf1 a4 32. b4 Nd7 33. h5 c5 34. Qa1
Qc6 35. Qa2+ c4 36. hxg6 hxg6 37. Bd2 Bf8 38. Ne3 Nd6 39. Nh4 Nxe4 40. Be1 Nb6
41. Nxg6 Ng5 42. Nxf8 Nf3+ 43. Kf1 Kxf8 44. b5 Qxb5 45. Qa3+ Kf7 46. Bc3 Nd4
47. Qa1 Qd7 48. Qd1 Kg6 49. Ng2 Kg7 50. Nh4 Kf7 51. Qh5+ Ke6 52. Bxd4 exd4 53.
Qf5+ Kd6 54. Qxf6+ Kc5 55. Nf5 a3 56. Qe5+ Kb4 57. Nxd4 a2 58. c3+ Kxc3 59.
Ne2+ 1/2-1/2

[Event "XtraCon-Skakligaen"]
[Site "Denmark"]
[Date "2013.12.08"]
[Round "3.7"]
[White "Pedersen, Martin Rosenkilde"]
[Black "Pedersen, Daniel V"]
[Result "1/2-1/2"]
[WhiteElo "2176"]
[BlackElo "2245"]
[PlyCount "63"]
[EventDate "2013.11.02"]
[EventType "team-tourn"]
[EventRounds "9"]
[WhiteTeam "Hillerod"]
[BlackTeam "Nordkalotten"]
[WhiteTeamCountry "DEN"]
[BlackTeamCountry "DEN"]

1. e4 e5 2. Nf3 Nc6 3. Bc4 Nf6 4. d3 Bc5 5. c3 a6 6. Bb3 Ba7 7. h3 d6 8. Nbd2
h6 9. Nf1 Be6 10. Bc2 Ne7 11. Ng3 c5 12. O-O Ng6 13. d4 O-O 14. Be3 Rc8 15. Qd2
Re8 16. Rfe1 Nh7 17. a3 cxd4 18. cxd4 Nh4 19. Bd1 Qf6 20. Nh5 Nxf3+ 21. Bxf3
Qh4 22. dxe5 Bxe3 23. Qxe3 dxe5 24. Rac1 Qg5 25. Rxc8 Rxc8 26. Ng3 Qxe3 27.
Rxe3 Rc2 28. Re2 Rc1+ 29. Kh2 Ng5 30. Bg4 Bxg4 31. hxg4 Ne6 32. Nf5 1/2-1/2

[Event "XtraCon-Skakligaen"]
[Site "Denmark"]
[Date "2013.12.08"]
[Round "3.8"]
[White "Ejsing, Esben"]
[Black "Andersen, Ib Hother"]
[Result "1-0"]
[WhiteElo "2153"]
[BlackElo "2119"]
[PlyCount "137"]
[EventDate "2013.11.02"]
[EventType "team-tourn"]
[EventRounds "9"]
[WhiteTeam "Nordkalotten"]
[BlackTeam "Hillerod"]
[WhiteTeamCountry "DEN"]
[BlackTeamCountry "DEN"]

1. c4 e5 2. g3 Nf6 3. Bg2 d5 4. cxd5 Nxd5 5. Nc3 Nb6 6. Nf3 Nc6 7. O-O Be7 8.
d3 O-O 9. Be3 Be6 10. Ne4 Nd5 11. Bc5 f6 12. d4 exd4 13. Nxd4 Nxd4 14. Qxd4 b6
15. Bxe7 Qxe7 16. Qa4 c5 17. h4 Rad8 18. Rac1 Qd7 19. Qxd7 Rxd7 20. a3 Rfd8 21.
Bf3 Kf8 22. e3 Ke7 23. g4 h6 24. Kg2 g6 25. Kg3 f5 26. Nc3 Nxc3 27. Rxc3 Rd2
28. gxf5 gxf5 29. b3 Rb2 30. Kf4 Kf6 31. e4 Rd4 32. Ke3 Rxb3 33. Rxb3 Bxb3 34.
exf5 Rxh4 35. Be4 Rh3+ 36. f3 Rh2 37. Rg1 Bf7 38. Rd1 Ra2 39. Kf4 Rxa3 40. Rd6+
Ke7 41. Ke5 Re3 42. f6+ Ke8 43. Kf4 Re1 44. Bc6+ Kf8 45. Rd8+ Be8 46. Bd5 b5
47. Kf5 Rd1 48. Ke6 Rxd5 49. Kxd5 Kf7 50. Ke5 c4 51. Rc8 a5 52. f4 a4 53. f5 a3
54. Rc7+ Kf8 55. Ra7 b4 56. Ke6 a2 57. Ra8 a1=Q 58. Rxa1 Bf7+ 59. Ke5 Kg8 60.
Kd6 b3 61. Ke7 b2 62. Rg1+ Kh7 63. Kxf7 c3 64. Rg7+ Kh8 65. Rg8+ Kh7 66. Rg7+
Kh8 67. Kg6 b1=Q 68. Rh7+ Kg8 69. f7+ 1-0

[Event "XtraCon-Skakligaen"]
[Site "Denmark"]
[Date "2013.12.08"]
[Round "3.3"]
[White "Baekgaard, Martin"]
[Black "Christensen, Tobias"]
[Result "1/2-1/2"]
[WhiteElo "2301"]
[BlackElo "2355"]
[PlyCount "22"]
[EventDate "2013.11.02"]
[EventType "team-tourn"]
[EventRounds "9"]
[WhiteTeam "Nordre"]
[BlackTeam "Aarhus/Skolerne"]
[WhiteTeamCountry "DEN"]
[BlackTeamCountry "DEN"]

1. c4 Nc6 2. d4 e5 3. d5 Nce7 4. Nc3 Ng6 5. g3 Bb4 6. Qb3 c5 7. dxc6 Bxc3+ 8.
Qxc3 dxc6 9. Be3 Nf6 10. Nf3 O-O 11. Bg2 Qe7 1/2-1/2